00286nam a2200085 a 450000500170000000800410001705000200005824500910007826000310016920140414093837.0110322s19uu xx uuu eng d aCT FUNb1998 #4 aFunfare audio 4 :ban integrated, experiential and activity oriented learning in MAPE. aPhilippines :bRex,c1998.